[Event "DEN-chT 0708"]
[Site "Denmark"]
[Date "2008.01.13"]
[Round "5.5"]
[White "Rath, Ulrik"]
[Black "Nielsen, Steffen Slumstrup"]
[Result "1/2-1/2"]
[WhiteElo "2316"]
[BlackElo "2226"]
[PlyCount "43"]
[EventDate "2007.11.10"]
[EventType "team-tourn"]
[EventRounds "9"]
[EventCountry "DEN"]
[SourceTitle "EXT 2023"]
[Source "ChessBase"]
[SourceDate "2022.10.05"]
[SourceVersion "1"]
[SourceVersionDate "2022.10.05"]
[SourceQuality "1"]
[WhiteTeam "Sydostfyn"]
[BlackTeam "Aalborg"]
[WhiteTeamCountry "DEN"]
[BlackTeamCountry "DEN"]

1. d4 Nf6 2. c4 g6 3. Nc3 Bg7 4. Nf3 0-0 5. Bg5 d6 6. e3 c5 7. Be2 h6 8. Bh4 Bf5 9. 0-0 Nc6 10. d5 Nb4 11. a3 Na6 12. Nd2 Qb6 13. e4 Bd7 14. Qc2 Rfe8 15. Rfe1 Nc7 16. f3 a6 17. Bf2 Qa7 18. b4 b6 19. Rab1 Nh5 20. Bf1 e6 21. Kh1 Rac8 22. bxc5 1/2-1/2

[Event "DEN-chT 9900"]
[Site "Denmark"]
[Date "2000.03.19"]
[Round "7.3"]
[White "Pedersen, Finn"]
[Black "Rath, Ulrik"]
[Result "1/2-1/2"]
[WhiteElo "2266"]
[BlackElo "2370"]
[PlyCount "20"]
[EventDate "1999.11.07"]
[EventType "team-tourn"]
[EventRounds "7"]
[EventCountry "DEN"]
[SourceTitle "EXT 2023"]
[Source "ChessBase"]
[SourceDate "2022.10.05"]
[SourceVersion "1"]
[SourceVersionDate "2022.10.05"]
[SourceQuality "1"]
[WhiteTeam "Skolerne"]
[BlackTeam "Sydostfyn"]
[WhiteTeamCountry "DEN"]
[BlackTeamCountry "DEN"]

1. d4 Nf6 2. Nf3 d5 3. Bf4 c6 4. Nbd2 Bf5 5. e3 e6 6. h3 Ne4 7. Nxe4 Bxe4 8. Bd3 Qa5+ 9. c3 Bxd3 10. Qxd3 Qa6 1/2-1/2

[Event "DEN-chT 9900"]
[Site "Denmark"]
[Date "2000.01.16"]
[Round "4.2"]
[White "Brinck Claussen, Bjorn"]
[Black "Rath, Ulrik"]
[Result "1/2-1/2"]
[WhiteElo "2354"]
[BlackElo "2370"]
[PlyCount "34"]
[EventDate "1999.11.07"]
[EventType "team-tourn"]
[EventRounds "7"]
[EventCountry "DEN"]
[SourceTitle "EXT 2023"]
[Source "ChessBase"]
[SourceDate "2022.10.05"]
[SourceVersion "1"]
[SourceVersionDate "2022.10.05"]
[SourceQuality "1"]
[WhiteTeam "Bronshoj"]
[BlackTeam "Sydostfyn"]
[WhiteTeamCountry "DEN"]
[BlackTeamCountry "DEN"]

1. e4 c5 2. Nf3 Nc6 3. d4 cxd4 4. Nxd4 e6 5. Nc3 Qc7 6. g3 a6 7. Bg2 Nf6 8. 0-0 h6 9. Re1 Nxd4 10. Qxd4 Bc5 11. Qd1 d6 12. Na4 Ba7 13. Bf4 e5 14. Be3 Bxe3 15. Rxe3 Be6 16. c4 0-0 17. b3 b5 1/2-1/2

[Event "DEN-chT 9899"]
[Site "Denmark"]
[Date "1999.03.21"]
[Round "7.5"]
[White "Jacobsen, Bo"]
[Black "Rath, Ulrik"]
[Result "0-1"]
[WhiteElo "2270"]
[BlackElo "2370"]
[PlyCount "120"]
[EventDate "1998.11.01"]
[EventType "team-tourn"]
[EventRounds "7"]
[EventCountry "DEN"]
[SourceTitle "EXT 2023"]
[Source "ChessBase"]
[SourceDate "2022.10.05"]
[SourceVersion "1"]
[SourceVersionDate "2022.10.05"]
[SourceQuality "1"]
[WhiteTeam "Skolerne"]
[BlackTeam "Sydostfyn"]
[WhiteTeamCountry "DEN"]
[BlackTeamCountry "DEN"]

1. g3 d5 2. Nf3 c6 3. b3 Bg4 4. Bg2 Nd7 5. Bb2 Ngf6 6. d3 e6 7. Nbd2 Be7 8. h3 Bh5 9. 0-0 0-0 10. a3 a5 11. e4 Ne8 12. Qe2 Nc7 13. Rae1 Re8 14. Qe3 Bg6 15. e5 Qb8 16. Qf4 Qa7 17. Nh4 Nf8 18. Nxg6 Nxg6 19. Qg4 Qc5 20. Rc1 Nb5 21. d4 Qb6 22. a4 h5 23. Qxh5 Nxd4 24. Nb1 Nf5 25. Qf3 Bc5 26. Rcd1 Nd4 27. Qh5 Nxc2 28. Nd2 Bd4 29. Bxd4 Nxd4 30. Rfe1 Nf5 31. Qf3 Qc7 32. Qe2 c5 33. h4 Nd4 34. Qh5 Qb6 35. Kh2 Rad8 36. f4 Qb4 37. Nf3 Nxf3+ 38. Qxf3 b5 39. axb5 Qxb5 40. f5 exf5 41. Qxf5 Qd7 42. e6 Rxe6 43. Rxd5 Rd6 44. Rxc5 Qxf5 45. Rxf5 Rd3 46. h5 Nh8 47. Rb5 g6 48. Ree5 Kg7 49. Rb7 Rc8 50. hxg6 Nxg6 51. Rf5 Rh8+ 52. Kg1 Rxg3 53. Kf2 Rxg2+ 54. Kxg2 Nh4+ 55. Kf2 Nxf5 56. Rb5 Nd4 57. Rxa5 Nxb3 58. Rg5+ Kf6 59. Rd5 Ke6 60. Rd8 Rxd8 0-1

[Event "DEN-chT 9798"]
[Site "Denmark"]
[Date "1998.02.01"]
[Round "5.6"]
[White "Rath, Ulrik"]
[Black "Jensen, Jacob Bjerre"]
[Result "1-0"]
[WhiteElo "2370"]
[BlackElo "2205"]
[PlyCount "61"]
[EventDate "1997.11.02"]
[EventType "team-tourn"]
[EventRounds "7"]
[EventCountry "DEN"]
[SourceTitle "EXT 2023"]
[Source "ChessBase"]
[SourceDate "2022.10.05"]
[SourceVersion "1"]
[SourceVersionDate "2022.10.05"]
[SourceQuality "1"]
[WhiteTeam "Sydostfyn"]
[BlackTeam "Aarhus"]
[WhiteTeamCountry "DEN"]
[BlackTeamCountry "DEN"]

1. e4 c6 2. c4 d6 3. Nf3 Nf6 4. Nc3 e5 5. d4 Nbd7 6. Be2 Be7 7. 0-0 0-0 8. Re1 a6 9. a3 Re8 10. b4 Bf8 11. Bf1 b5 12. Bb2 exd4 13. Nxd4 Bb7 14. Nf5 Ne5 15. Ne3 Ng6 16. Qd4 Qb8 17. Nf5 Re6 18. f3 Ne5 19. Ne3 Nh5 20. cxb5 axb5 21. Ne2 c5 22. Qd2 c4 23. Nd4 Rg6 24. Kh1 Qe8 25. Nd5 Bxd5 26. exd5 Rf6 27. Nc6 Rf5 28. Nxe5 Rxe5 29. Bxe5 dxe5 30. Qg5 f6 31. Qg4 1-0

[Event "DEN-chT 9798"]
[Site "Denmark"]
[Date "1997.11.02"]
[Round "1.6"]
[White "Rath, Ulrik"]
[Black "Rewitz, Poul"]
[Result "1/2-1/2"]
[WhiteElo "2370"]
[BlackElo "2310"]
[PlyCount "90"]
[EventDate "1997.11.02"]
[EventType "team-tourn"]
[EventRounds "7"]
[EventCountry "DEN"]
[SourceTitle "EXT 2023"]
[Source "ChessBase"]
[SourceDate "2022.10.05"]
[SourceVersion "1"]
[SourceVersionDate "2022.10.05"]
[SourceQuality "1"]
[WhiteTeam "Sydostfyn"]
[BlackTeam "Skolerne"]
[WhiteTeamCountry "DEN"]
[BlackTeamCountry "DEN"]

1. e4 c6 2. c4 d5 3. exd5 cxd5 4. d4 Nf6 5. Nc3 Nc6 6. Bg5 e6 7. c5 Be7 8. Bb5 0-0 9. Bxc6 bxc6 10. Nf3 Nd7 11. Bxe7 Qxe7 12. 0-0 e5 13. dxe5 Nxe5 14. Nxe5 Qxe5 15. Re1 Qf6 16. Qd2 Rb8 17. b4 Ba6 18. a4 Bc4 19. b5 h6 20. Rab1 Rb7 21. h3 Rc8 22. Rbd1 cxb5 23. Nxd5 Bxd5 24. Qxd5 Rbb8 25. axb5 Rxb5 26. Rc1 Qc6 27. Qxc6 Rxc6 28. Re8+ Kh7 29. Re7 Kg6 30. Rc3 Rcxc5 31. Rg3+ Rg5 32. Rf3 Rgf5 33. Rxf5 Rxf5 34. Rxa7 h5 35. h4 Kh6 36. g3 g6 37. Kg2 Kg7 38. Rb7 Rd5 39. Rc7 Rb5 40. Ra7 Rb2 41. Rc7 Ra2 42. Rb7 Rc2 43. Ra7 Rb2 44. Rc7 Ra2 45. Rb7 Rc2 1/2-1/2

[Event "Esbjerg North Sea Cup-07 Group 2"]
[Site "Esbjerg"]
[Date "1982.07.??"]
[Round "6"]
[White "Knudsen, Per Bek"]
[Black "Rath, Ulrik"]
[Result "1/2-1/2"]
[WhiteElo "2305"]
[BlackElo "2395"]
[PlyCount "30"]
[EventDate "1982.07.??"]
[EventType "tourn"]
[EventRounds "11"]
[EventCountry "DEN"]
[SourceTitle "EXT 1999"]
[Source "ChessBase"]
[SourceDate "1998.11.16"]
[SourceVersion "1"]
[SourceVersionDate "1998.11.16"]
[SourceQuality "1"]

1. c4 Nf6 2. Nc3 c6 3. d4 d5 4. Nf3 dxc4 5. a4 Na6 6. e3 Bg4 7. Bxc4 e6 8. h3 Bh5 9. 0-0 Nb4 10. Bd2 a5 11. g4 Bg6 12. Ne5 Nd7 13. Nxg6 hxg6 14. Kg2 Qh4 15. Rh1 g5 1/2-1/2

[Event "Esbjerg North Sea Cup-07 Group 2"]
[Site "Esbjerg"]
[Date "1982.07.??"]
[Round "9"]
[White "Rath, Ulrik"]
[Black "Berg, Klaus"]
[Result "1/2-1/2"]
[WhiteElo "2395"]
[BlackElo "2295"]
[PlyCount "52"]
[EventDate "1982.07.??"]
[EventType "tourn"]
[EventRounds "11"]
[EventCountry "DEN"]
[SourceTitle "EXT 1999"]
[Source "ChessBase"]
[SourceDate "1998.11.16"]
[SourceVersion "1"]
[SourceVersionDate "1998.11.16"]
[SourceQuality "1"]

1. d4 Nf6 2. c4 g6 3. Nc3 Bg7 4. Nf3 0-0 5. Bg5 h6 6. Bh4 d6 7. h3 c5 8. e3 cxd4 9. exd4 Nc6 10. d5 Ne5 11. Nxe5 dxe5 12. Be2 e6 13. 0-0 exd5 14. Bxf6 Qxf6 15. Nxd5 Qg5 16. Qc1 Qh4 17. Qe3 e4 18. Rab1 f5 19. Rfd1 Kh7 20. g3 Qg5 21. Qxg5 hxg5 22. Ne7 Be6 23. Rd6 Bf7 24. b3 Rfd8 25. Rbd1 Rxd6 26. Rxd6 Be8 1/2-1/2

[Event "Esbjerg North Sea Cup-07 Group 2"]
[Site "Esbjerg"]
[Date "1982.07.??"]
[Round "2"]
[White "Rath, Ulrik"]
[Black "Plaskett, H James"]
[Result "0-1"]
[WhiteElo "2395"]
[BlackElo "2405"]
[PlyCount "66"]
[EventDate "1982.07.??"]
[EventType "tourn"]
[EventRounds "11"]
[EventCountry "DEN"]
[SourceTitle "EXT 1999"]
[Source "ChessBase"]
[SourceDate "1998.11.16"]
[SourceVersion "1"]
[SourceVersionDate "1998.11.16"]
[SourceQuality "1"]

1. Nf3 Nf6 2. c4 b6 3. g3 Bb7 4. Bg2 g6 5. b3 Bg7 6. Bb2 0-0 7. 0-0 Na6 8. Nc3 c5 9. Rc1 d5 10. Nxd5 Nxd5 11. Bxg7 Kxg7 12. cxd5 Qxd5 13. d4 Rfd8 14. dxc5 Nxc5 15. Qc2 Qd6 16. b4 Ne6 17. Qb2+ f6 18. Ng5 Bxg2 19. Nxe6+ Qxe6 20. Kxg2 Qe4+ 21. f3 Qe3 22. Rc3 Qe5 23. Rfc1 Rac8 24. R1c2 Rd1 25. Rxc8 Qe3 26. R8c4 Rg1+ 27. Kh3 Qe6+ 28. g4 Qe3 29. g5 Qxg5 30. Rg4 Qh5+ 31. Rh4 Qf5+ 32. Rg4 h5 33. Rcc4 g5 0-1

[Event "Esbjerg North Sea Cup-06 Group 2"]
[Site "Esbjerg"]
[Date "1981.07.??"]
[Round "3"]
[White "Berg, Klaus"]
[Black "Rath, Ulrik"]
[Result "0-1"]
[WhiteElo "2305"]
[BlackElo "2380"]
[PlyCount "80"]
[EventDate "1981.07.??"]
[EventType "tourn"]
[EventRounds "11"]
[EventCountry "DEN"]
[EventCategory "4"]
[SourceTitle "EXT 2000"]
[Source "ChessBase"]
[SourceDate "1999.11.16"]
[SourceVersion "1"]
[SourceVersionDate "1999.11.16"]
[SourceQuality "1"]

1. e4 c5 2. Nf3 e6 3. d3 d5 4. Nbd2 Nf6 5. g3 Nc6 6. Bg2 Be7 7. 0-0 a5 8. Re1 a4 9. a3 0-0 10. e5 Nd7 11. Nf1 b5 12. h4 b4 13. Bf4 Nb6 14. c3 Ba6 15. N1h2 Na5 16. Bf1 Nb3 17. Ra2 Rb8 18. Ng5 Qe8 19. Ng4 bxc3 20. bxc3 Nd7 21. Bh3 Rb6 22. h5 Qd8 23. Nf3 Kh8 24. Qe2 Nb8 25. h6 g6 26. Nf6 Nd7 27. Ng4 Bb7 28. c4 dxc4 29. dxc4 Qa8 30. Ngh2 Nb8 31. Rd1 Nc6 32. Be3 Rd8 33. Rc2 Ncd4 34. Bxd4 Nxd4 35. Nxd4 cxd4 36. c5 Rb3 37. Rd3 Rxd3 38. Qxd3 Be4 39. Qd2 Bxc2 40. Qxc2 d3 0-1

[Event "Esbjerg North Sea Cup-06 Group 2"]
[Site "Esbjerg"]
[Date "1981.07.??"]
[Round "1"]
[White "Dobosz, Henryk"]
[Black "Rath, Ulrik"]
[Result "1/2-1/2"]
[WhiteElo "2360"]
[BlackElo "2380"]
[PlyCount "78"]
[EventDate "1981.07.??"]
[EventType "tourn"]
[EventRounds "11"]
[EventCountry "DEN"]
[EventCategory "4"]
[SourceTitle "EXT 2000"]
[Source "ChessBase"]
[SourceDate "1999.11.16"]
[SourceVersion "1"]
[SourceVersionDate "1999.11.16"]
[SourceQuality "1"]

1. e4 d6 2. d4 Nf6 3. Nc3 g6 4. f4 Bg7 5. Nf3 0-0 6. Be3 c5 7. dxc5 Qa5 8. Qd2 dxc5 9. 0-0-0 Nxe4 10. Nxe4 Qxa2 11. Qd3 Qxb2+ 12. Kd2 Bf5 13. Ke1 Nc6 14. Bc1 Qa2 15. Qe2 Rad8 16. Rxd8 Rxd8 17. Kf2 Qa1 18. Bd2 Nd4 19. Bc3 Qc1 20. Qd2 Qa3 21. Bc4 Ne6 22. Qe3 Bxe4 23. Ne5 Bxe5 24. fxe5 Qa4 25. Qxe4 Rd4 26. Bxd4 Qxc4 27. Rb1 cxd4 28. Rxb7 Qc5 29. Kf1 a5 30. h3 a4 31. Qh4 Qxe5 32. Qxe7 Qf4+ 33. Kg1 Qe3+ 34. Kh1 Qc1+ 35. Kh2 Qf4+ 36. Kg1 Qc1+ 37. Kh2 Qf4+ 38. Kh1 Qf1+ 39. Kh2 Qf4+ 1/2-1/2

[Event "Esbjerg North Sea Cup-06 Group 2"]
[Site "Esbjerg"]
[Date "1981.07.??"]
[Round "6"]
[White "Pokojowczyk, Jerzy"]
[Black "Rath, Ulrik"]
[Result "1/2-1/2"]
[WhiteElo "2390"]
[BlackElo "2380"]
[PlyCount "55"]
[EventDate "1981.07.??"]
[EventType "tourn"]
[EventRounds "11"]
[EventCountry "DEN"]
[EventCategory "4"]
[SourceTitle "EXT 2000"]
[Source "ChessBase"]
[SourceDate "1999.11.16"]
[SourceVersion "1"]
[SourceVersionDate "1999.11.16"]
[SourceQuality "1"]

1. e4 e5 2. Nf3 Nf6 3. Nc3 Nc6 4. Bb5 Bb4 5. d3 d6 6. 0-0 0-0 7. Ne2 Ne7 8. c3 Ba5 9. Ng3 c6 10. Ba4 Ng6 11. Bb3 Bb6 12. h3 Be6 13. Re1 h6 14. d4 Re8 15. Bc2 Qd7 16. b3 Rad8 17. c4 Qc7 18. Bb2 Ba5 19. Re3 c5 20. d5 Bd7 21. Nh2 b5 22. Ng4 Nxg4 23. hxg4 bxc4 24. bxc4 Rb8 25. Bc1 Rb4 26. Bb3 Rb7 27. Nf5 Qb8 28. Rh3 1/2-1/2

[Event "Esbjerg North Sea Cup-06 Group 2"]
[Site "Esbjerg"]
[Date "1981.07.??"]
[Round "9"]
[White "Rath, Ulrik"]
[Black "Brinck Claussen, Bjorn"]
[Result "1/2-1/2"]
[WhiteElo "2380"]
[BlackElo "2375"]
[PlyCount "41"]
[EventDate "1981.07.??"]
[EventType "tourn"]
[EventRounds "11"]
[EventCountry "DEN"]
[EventCategory "4"]
[SourceTitle "EXT 2000"]
[Source "ChessBase"]
[SourceDate "1999.11.16"]
[SourceVersion "1"]
[SourceVersionDate "1999.11.16"]
[SourceQuality "1"]

1. c4 e5 2. Nf3 e4 3. Nd4 g6 4. d3 exd3 5. Qxd3 Bg7 6. Nc3 Nc6 7. Nxc6 bxc6 8. g3 Ne7 9. Bg2 a5 10. Na4 d6 11. Bd2 Bf5 12. e4 Be6 13. h4 h5 14. 0-0 0-0 15. Rac1 Qd7 16. b3 Bh3 17. c5 d5 18. Bxh3 Qxh3 19. Bg5 dxe4 20. Qxe4 Nd5 21. Rfe1 1/2-1/2

[Event "Esbjerg North Sea Cup-06 Group 2"]
[Site "Esbjerg"]
[Date "1981.07.??"]
[Round "7"]
[White "Rath, Ulrik"]
[Black "Fries Nielsen, Jens Ove"]
[Result "1/2-1/2"]
[WhiteElo "2380"]
[BlackElo "2320"]
[PlyCount "107"]
[EventDate "1981.07.??"]
[EventType "tourn"]
[EventRounds "11"]
[EventCountry "DEN"]
[EventCategory "4"]
[SourceTitle "EXT 2000"]
[Source "ChessBase"]
[SourceDate "1999.11.16"]
[SourceVersion "1"]
[SourceVersionDate "1999.11.16"]
[SourceQuality "1"]

1. c4 f5 2. b3 e5 3. Bb2 d6 4. g3 Nf6 5. Bg2 g6 6. e3 Bg7 7. Ne2 0-0 8. Nbc3 Nc6 9. 0-0 Rb8 10. d3 Bd7 11. Qd2 Ne7 12. Rad1 Bh6 13. f4 Bc6 14. e4 Bd7 15. Nd5 Nexd5 16. cxd5 c6 17. Qb4 c5 18. Qc3 Ng4 19. fxe5 Bg7 20. Qd2 Nxe5 21. Nf4 fxe4 22. Bxe4 Qg5 23. Ne6 Rxf1+ 24. Kxf1 Qf6+ 25. Kg1 Bxe6 26. dxe6 Qxe6 27. Qg2 Qe7 28. Rf1 Kh8 29. Kh1 b5 30. Qh3 Rf8 31. Rxf8+ Qxf8 32. Bxe5 Bxe5 33. Qg2 Kg7 34. Qf3 Qxf3+ 35. Bxf3 Kf6 36. Kg2 Bd4 37. a4 bxa4 38. bxa4 Ke5 39. Kf1 d5 40. Ke2 Bg1 41. h3 Kd4 42. h4 h5 43. g4 hxg4 44. Bxg4 Ke5 45. Bd7 c4 46. dxc4 dxc4 47. Be8 Kf6 48. Bb5 c3 49. Kd3 Bd4 50. Kc2 a5 51. Bc4 Kf5 52. Bd3+ Kg4 53. Bxg6 Kxh4 54. Be8 1/2-1/2

[Event "Esbjerg North Sea Cup-06 Group 2"]
[Site "Esbjerg"]
[Date "1981.07.??"]
[Round "11"]
[White "Rath, Ulrik"]
[Black "Ravikumar, Vaidyanathan"]
[Result "1/2-1/2"]
[WhiteElo "2380"]
[BlackElo "2325"]
[PlyCount "83"]
[EventDate "1981.07.??"]
[EventType "tourn"]
[EventRounds "11"]
[EventCountry "DEN"]
[EventCategory "4"]
[SourceTitle "EXT 2000"]
[Source "ChessBase"]
[SourceDate "1999.11.16"]
[SourceVersion "1"]
[SourceVersionDate "1999.11.16"]
[SourceQuality "1"]

1. Nf3 Nf6 2. c4 g6 3. Nc3 Bg7 4. d4 d5 5. Bf4 0-0 6. Rc1 c6 7. e3 dxc4 8. Bxc4 Nbd7 9. 0-0 Nb6 10. Be2 Be6 11. Nd2 Nfd5 12. Nxd5 Nxd5 13. Bg3 f5 14. Bc4 Kh8 15. Re1 Bg8 16. Nf3 Qb6 17. Be5 Rad8 18. Qb3 Bxe5 19. Nxe5 f4 20. e4 Qxb3 21. Bxb3 Nb6 22. Bxg8 Kxg8 23. Nf3 h6 24. h4 Kf7 25. g4 fxg3 26. fxg3 Kg7 27. Kg2 Rd6 28. b3 Nd7 29. Rc3 e5 30. dxe5 Re6 31. Rd1 Nxe5 32. Nxe5 Rxe5 33. Rd7+ Rf7 34. Rxf7+ Kxf7 35. Kf3 Ke6 36. Rc2 Rb5 37. Kf4 a5 38. Rd2 Rb4 39. Rd8 a4 40. bxa4 Rxa4 41. Rg8 Kf6 42. Rf8+ 1/2-1/2

[Event "Esbjerg North Sea Cup-03"]
[Site "Esbjerg"]
[Date "1978.07.??"]
[Round "10"]
[White "Rath, Ulrik"]
[Black "Schneider, Lars Ake"]
[Result "0-1"]
[WhiteElo "2405"]
[BlackElo "2430"]
[PlyCount "108"]
[EventDate "1978.07.08"]
[EventType "tourn"]
[EventRounds "13"]
[EventCountry "DEN"]
[EventCategory "7"]
[SourceTitle "MCL"]
[Source "ChessBase"]
[SourceDate "1999.07.01"]
[SourceVersion "1"]
[SourceVersionDate "1999.07.01"]
[SourceQuality "1"]

1. Nf3 Nf6 2. c4 e6 3. g3 d5 4. b3 Be7 5. Bg2 c5 6. 0-0 Nc6 7. Bb2 0-0 8. e3 b6 9. Qe2 Bb7 10. Rd1 Rc8 11. Nc3 dxc4 12. bxc4 Qc7 13. d3 Rfd8 14. Rab1 Qb8 15. Ne1 Nb4 16. Bh3 Ne8 17. f4 Bf6 18. g4 h6 19. a3 Nc6 20. Nf3 Nd6 21. Bg2 g6 22. h4 Bg7 23. g5 h5 24. Qf2 Qc7 25. Nd2 Nf5 26. Nf3 Nce7 27. Nb5 Qb8 28. Bxg7 Kxg7 29. Nc3 Kg8 30. Ne5 Bxg2 31. Kxg2 Nc6 32. Nxc6 Rxc6 33. Ne4 e5 34. Nf6+ Rxf6 35. gxf6 exf4 36. exf4 Qd6 37. Kh3 Qxf6 38. Rd2 Rd4 39. Re1 Nh6 40. Kg3 Nf5+ 41. Kh2 Nxh4 42. Re4 Rd8 43. Re3 Kg7 44. Kh3 Nf5 45. Rf3 Re8 46. Kh2 Re6 47. Kh3 Qa1 48. Kh2 Re1 49. Ra2 Rh1+ 50. Kg2 Nh4+ 51. Kg3 Qd1 52. Rd2 Rg1+ 53. Kxh4 Rg4+ 54. Kh3 Qh1+ 0-1

[Event "Esbjerg North Sea Cup-03"]
[Site "Esbjerg"]
[Date "1978.07.??"]
[Round "9"]
[White "Westerinen, Heikki MJ"]
[Black "Rath, Ulrik"]
[Result "1/2-1/2"]
[WhiteElo "2450"]
[BlackElo "2405"]
[PlyCount "80"]
[EventDate "1978.07.08"]
[EventType "tourn"]
[EventRounds "13"]
[EventCountry "DEN"]
[EventCategory "7"]
[SourceTitle "MCL"]
[Source "ChessBase"]
[SourceDate "1999.07.01"]
[SourceVersion "1"]
[SourceVersionDate "1999.07.01"]
[SourceQuality "1"]

1. e4 e5 2. Nf3 Nf6 3. d4 Nxe4 4. Bd3 d5 5. Nxe5 Bd6 6. 0-0 0-0 7. c4 Bxe5 8. dxe5 Nc6 9. Bf4 Nb4 10. cxd5 Qxd5 11. Be2 Qxd1 12. Rxd1 Bf5 13. Nc3 Nxc3 14. bxc3 Nc6 15. Bf3 Rad8 16. h3 Rxd1+ 17. Rxd1 Rd8 18. Rxd8+ Nxd8 19. Bg5 Nc6 20. Bxc6 bxc6 21. Be7 h5 22. f3 Kh7 23. Kf2 Bd3 24. Bd8 Kg6 25. g4 hxg4 26. fxg4 Bc4 27. a3 Be6 28. Kg3 f5 29. exf6 gxf6 30. Kf4 Bc4 31. h4 Be6 32. Bxc7 Bd7 33. Bd8 Be6 34. g5 fxg5+ 35. Bxg5 a5 36. Ke5 Bd5 37. Kd6 a4 38. Kc5 Bf3 39. Kb4 Bd1 40. Kc5 Bf3 1/2-1/2

[Event "Esbjerg North Sea Cup-02"]
[Site "Esbjerg"]
[Date "1977.07.16"]
[Round "11"]
[White "Rath, Ulrik"]
[Black "Rodgaard, John"]
[Result "1/2-1/2"]
[WhiteElo "2420"]
[BlackElo "2330"]
[PlyCount "81"]
[EventDate "1977.07.05"]
[EventType "tourn"]
[EventRounds "11"]
[EventCountry "DEN"]
[EventCategory "5"]
[SourceTitle "EXT 1998"]
[Source "ChessBase"]
[SourceDate "1997.11.17"]
[SourceVersion "1"]
[SourceVersionDate "1997.11.17"]
[SourceQuality "1"]

1. d4 d5 2. c4 e6 3. Nc3 Nf6 4. Bg5 Nbd7 5. e3 c6 6. Nf3 Be7 7. Qc2 0-0 8. Rd1 Re8 9. Bd3 dxc4 10. Bxc4 Nd5 11. Bxe7 Qxe7 12. 0-0 Nxc3 13. Qxc3 b6 14. Qd3 Bb7 15. Ba6 Bxa6 16. Qxa6 c5 17. Rc1 h6 18. Rc2 Red8 19. Rfc1 e5 20. Qb7 exd4 21. exd4 Qf6 22. d5 Ne5 23. Nxe5 Qxe5 24. Rd2 Qb8 25. Qa6 Rd6 26. Rcd1 Qd8 27. Qd3 Qd7 28. h3 Re8 29. a3 a5 30. b3 a4 31. Qc3 axb3 32. Qxb3 Ra8 33. Re1 Qa4 34. Qg3 Qd7 35. Qd3 Rc8 36. Re4 b5 37. Rg4 c4 38. Qc3 g6 39. Rgd4 Rc5 40. Qf3 c3 41. Rc2 1/2-1/2

[Event "Esbjerg North Sea Cup-02"]
[Site "Esbjerg"]
[Date "1977.07.14"]
[Round "10"]
[White "Hartston, William R"]
[Black "Rath, Ulrik"]
[Result "1-0"]
[WhiteElo "2475"]
[BlackElo "2420"]
[PlyCount "89"]
[EventDate "1977.07.05"]
[EventType "tourn"]
[EventRounds "11"]
[EventCountry "DEN"]
[EventCategory "5"]
[SourceTitle "EXT 1998"]
[Source "ChessBase"]
[SourceDate "1997.11.17"]
[SourceVersion "1"]
[SourceVersionDate "1997.11.17"]
[SourceQuality "1"]

1. e4 c5 2. Nf3 e6 3. d4 cxd4 4. Nxd4 Nc6 5. Nc3 a6 6. Nxc6 bxc6 7. e5 Qc7 8. f4 f5 9. Be3 Nh6 10. Be2 c5 11. 0-0 Be7 12. Na4 Bb7 13. c4 Nf7 14. Bf3 Rc8 15. Bxb7 Qxb7 16. Qe2 0-0 17. Rad1 Kh8 18. Rd3 Qc6 19. b3 g5 20. Rfd1 Rc7 21. Qf3 Qxf3 22. gxf3 Rg8 23. Kf1 Rd8 24. Bd2 Rc6 25. fxg5 Bxg5 26. f4 Bh6 27. Be3 Rg8 28. Kf2 Rg4 29. Rxd7 Kg8 30. Kf3 Rh4 31. Rg1+ Kf8 32. Bxc5+ Rxc5 33. Nxc5 Rxf4+ 34. Ke2 Ng5 35. Rxg5 Bxg5 36. Nxe6+ Ke8 37. Nxf4 Kxd7 38. Kf3 Bd8 39. Nd3 Bb6 40. Kf4 Ke6 41. b4 a5 42. bxa5 Bg1 43. a6 Bxh2+ 44. Kf3 Bg1 45. c5 1-0

[Event "Esbjerg North Sea Cup-02"]
[Site "Esbjerg"]
[Date "1977.07.13"]
[Round "9"]
[White "Rath, Ulrik"]
[Black "Isaksen, Brian"]
[Result "1/2-1/2"]
[WhiteElo "2420"]
[BlackElo "2295"]
[PlyCount "82"]
[EventDate "1977.07.05"]
[EventType "tourn"]
[EventRounds "11"]
[EventCountry "DEN"]
[EventCategory "5"]
[SourceTitle "EXT 1998"]
[Source "ChessBase"]
[SourceDate "1997.11.17"]
[SourceVersion "1"]
[SourceVersionDate "1997.11.17"]
[SourceQuality "1"]

1. d4 Nf6 2. c4 c5 3. e3 g6 4. Nc3 Bg7 5. Nf3 0-0 6. Be2 b6 7. 0-0 e6 8. e4 d6 9. Re1 Bb7 10. d5 e5 11. Bg5 h6 12. Bh4 Qd7 13. Nd2 Ne8 14. Rb1 a5 15. Qa4 f5 16. exf5 gxf5 17. Qxd7 Nxd7 18. g4 Bf6 19. Bxf6 Ndxf6 20. f3 Bc8 21. h3 f4 22. Bd1 Bd7 23. Ba4 Kf7 24. Bxd7 Nxd7 25. b3 Nc7 26. Kf2 Rfb8 27. a4 Rg8 28. Rg1 Rg7 29. Rg2 Rag8 30. Rbg1 Ke7 31. h4 Nf8 32. Nde4 Ne8 33. g5 h5 34. Nf6 Rh8 35. Nce4 Ng6 36. Rh2 Rf7 37. Nxe8 Rxe8 38. Nf6 Rh8 39. Ke2 Rff8 40. Kd3 Rd8 41. Ke4 Kf7 1/2-1/2

[Event "Esbjerg North Sea Cup-02"]
[Site "Esbjerg"]
[Date "1977.07.09"]
[Round "5"]
[White "Rath, Ulrik"]
[Black "Filipowicz, Andrzej"]
[Result "0-1"]
[WhiteElo "2420"]
[BlackElo "2355"]
[PlyCount "80"]
[EventDate "1977.07.05"]
[EventType "tourn"]
[EventRounds "11"]
[EventCountry "DEN"]
[EventCategory "5"]
[SourceTitle "EXT 1998"]
[Source "ChessBase"]
[SourceDate "1997.11.17"]
[SourceVersion "1"]
[SourceVersionDate "1997.11.17"]
[SourceQuality "1"]

1. e4 c5 2. Nf3 e6 3. c3 Nf6 4. e5 Nd5 5. d4 cxd4 6. cxd4 Nc6 7. a3 d6 8. Bd3 g6 9. 0-0 Bg7 10. Bg5 Qc7 11. Nbd2 dxe5 12. dxe5 0-0 13. Rc1 Qb8 14. Bh4 Nxe5 15. Bg3 Nxf3+ 16. Nxf3 Nf4 17. Rc4 e5 18. Be4 Be6 19. Rb4 Rd8 20. Rxb7 Rxd1 21. Rxb8+ Rxb8 22. Rxd1 Ne2+ 23. Kh1 Nxg3+ 24. hxg3 Rxb2 25. Rd8+ Bf8 26. Ng5 Bc4 27. Rc8 Ba2 28. Nxh7 Kxh7 29. Rxf8 Rxf2 30. Ra8 Re2 31. Bc6 Rc2 32. Bf3 Rc7 33. g4 Kh6 34. Rb8 Kg5 35. a4 Kf4 36. Kh2 e4 37. Rb4 Rc4 38. Rb2 Rxa4 39. Bd1 Ra3 40. Rf2+ Ke5 0-1